Grands imperatores romains - Statistiques

Statistiques générales
  • Ce quiz a été pris 16 fois
  • Le résultat moyen est 4 sur 6
Statistiques - réponses
Indice Réponse % Correct
Gaule César
87%
Empire Auguste
80%
Crassus Pompée
73%
Guerre de Mithridate Sylla
47%
2ème guerre punique Scipion l'Africain
40%
Guerre de Jugurtha Marius
33%
Aucun quiz correspondant
Distribution des résultats
% des personnes avec chaque résultat
Percentile par nombre de réponses
Votre historique - résultats
Vous n’avez pas pris ce quiz